| 000 | 01122cam a2200217 4500 | ||
|---|---|---|---|
| 001 | WB@3612-798 | ||
| 008 | 041123n2004 000 0 eng u | ||
| 035 | _a(Sirsi) u128082 | ||
| 245 | _aWoodland cover needs to increase | ||
| 260 | _c2004 | ||
| 490 |
_aPlanning (for the Natural and Built Environment) _v19 November 2004 2(1) |
||
| 520 | _a"Space for people" has been published by The Woodland Trust. It advises that the UK's woodland cover is insufficient to meet social needs and there should be 77 000ha more across the country. The UK's woodland cover is one of the smallest in Europe. The report says that trees improve health by encouraging exercise and reducing stress, as well as improving air quality, providing shade and encouraging learning and recreation. The trust recommends that no-one should live more than 500m from accessible woodland of at least 2 ha, although 90% of the UK does not. | ||
| 590 | _aWB | ||
| 590 | _aWB | ||
| 650 | _aWOODLAND PLANTING | ||
| 650 | _aGREAT BRITAIN | ||
| 650 | _aWOODLANDS | ||
| 650 | _aFORESTRY | ||
| 690 | _aRURAL-AGRICULTURE AND FORESTRY | ||
| 942 | _n0 | ||
| 999 |
_c118351 _d118351 |
||